000 01346nam a2200325 i 4500
003 EG-GICUC
005 20260427212636.0
008 260427b1989 ua j|||fr|||| 00| 0 ara d
040 _a EG-GICUC
_bara
_c EG-GICUC
_d EG-GICUC
_erda
041 0 _aAra
043 _af-ua---
082 0 4 _221
_a343.67
_bص ا . ت
092 0 4 _221
099 _aLaw1 10 343.67 ص ا . ت 1989
100 0 _aصالح بن حمد العساف
_eمؤلف.
245 1 0 _aتربية الأطفال مجهولى الهوية :
_bتربية اللقطاء دراسة وصفية تقويمية.
_nالجزء الأول /
_cتأليف الدكتور صالح بن حمد العساف.
264 1 _aالرياض :
_bالمركز العربى للدراسات الأمنية والتدريب،
_c1989.
300 _a288 صفحة :
_bجداول؛
_c24 سم.
336 _2rda content
_atext
337 _2rda media
_aComputer
338 _2rda carrier
_aOnline Resource
504 _aببليوجرافيا: صفحات233-340.
546 _aالنص باللغة العربية مترجم من الانجليزية
650 1 4 _aالوقاية من الإجرام
_2qrmak
650 1 _aالقانون الجنائى
_2qrmak
651 1 _2qrmak
856 4 0 _uhttps://fll.law.cu.edu.eg/fulltext/bks/B10-07521.pdf
905 _a17
_eYara
942 _2ddc
_cBK
_e21
_n0
999 _c73724
_d73724